[Event "Salon de Provence op 6th"]
[Site "Salon de Provence"]
[Date "2015.07.04"]
[Round "5"]
[White "Jeanjean, Dominique"]
[Black "Barret, Simon"]
[Result "0-1"]
[WhiteElo "2077"]
[BlackElo "2161"]
[PlyCount "60"]
[EventDate "2015.07.04"]
[EventType "swiss"]
[EventRounds "9"]
[EventCountry "FRA"]
[SourceTitle "EXT 2016"]
[Source "ChessBase"]
[SourceDate "2015.10.08"]
[SourceVersion "1"]
[SourceVersionDate "2015.10.08"]
[SourceQuality "1"]

1. e4 e6 2. d4 d5 3. Nd2 c5 4. exd5 Qxd5 5. Ngf3 cxd4 6. Bc4 Qd6 7. 0-0 Nf6 8. Nb3 Nc6 9. Nbxd4 Nxd4 10. Nxd4 a6 11. Be2 Qc7 12. Bf3 Bd6 13. h3 0-0 14. Bg5 Nd7 15. c3 h6 16. Bd2 Ne5 17. Be4 f5 18. Bc2 Nc4 19. Bb3 Kh8 20. a4 e5 21. Nf3 Be6 22. Nh4 Rf6 23. Bc1 e4 24. Qe2 g5 25. Bxg5 hxg5 26. Qh5+ Qh7 27. Qxg5 Be5 28. Bxc4 Bxc4 29. Rfd1 Rg8 30. Qe3 Qxh4 0-1

[Event "Marseille op 4th"]
[Site "Marseille"]
[Date "2011.12.27"]
[Round "3"]
[White "Riff, Jean Noel"]
[Black "Jeanjean, Dominique"]
[Result "1-0"]
[WhiteElo "2502"]
[BlackElo "2112"]
[PlyCount "47"]
[EventDate "2011.12.26"]
[EventType "swiss"]
[EventRounds "9"]
[EventCountry "FRA"]
[SourceTitle "CBM 146 Extra"]
[Source "ChessBase"]
[SourceDate "2012.02.29"]
[SourceVersion "1"]
[SourceVersionDate "2012.02.29"]
[SourceQuality "1"]

1. e4 e5 2. Nf3 Nc6 3. Bb5 a6 4. Ba4 Nf6 5. d3 b5 6. Bb3 Be7 7. a3 d6 8. Nbd2 Be6 9. c4 0-0 10. cxb5 Bxb3 11. Qxb3 axb5 12. Qxb5 Qd7 13. 0-0 Rfb8 14. Qc4 Na5 15. Qc2 c5 16. Rb1 Nc6 17. Nc4 Bd8 18. Bd2 Ba5 19. Nxa5 Nxa5 20. b4 Nb7 21. Bg5 Ne8 22. Be3 cxb4 23. axb4 Nc7 24. d4 1-0

[Event "FRA-chT2 0910"]
[Site "France"]
[Date "2009.10.18"]
[Round "3.6"]
[White "Bolon, Karelle"]
[Black "Jeanjean, Dominique"]
[Result "1-0"]
[WhiteElo "2086"]
[BlackElo "2104"]
[PlyCount "111"]
[EventDate "2009.09.27"]
[EventType "team-tourn"]
[EventRounds "11"]
[EventCountry "FRA"]
[SourceTitle "EXT 2011"]
[Source "ChessBase"]
[SourceDate "2010.11.26"]
[SourceVersion "1"]
[SourceVersionDate "2010.11.26"]
[SourceQuality "1"]

1. d4 Nf6 2. Bg5 d5 3. c3 g6 4. Nd2 Bg7 5. e3 0-0 6. Bd3 Nc6 7. Ngf3 Re8 8. 0-0 e5 9. dxe5 Nxe5 10. Nxe5 Rxe5 11. Nf3 Re8 12. Qa4 Qd7 13. Qh4 Ne4 14. Bh6 Bf6 15. Bg5 Bg7 16. Bh6 Bf6 17. Bg5 Bh8 18. Rfd1 Qg4 19. Bxe4 dxe4 20. Nd4 Bd7 21. a4 a6 22. Qxg4 Bxg4 23. Rd2 Be5 24. h3 Bc8 25. Nb3 f6 26. Bh4 b6 27. a5 Be6 28. Nd4 Kf7 29. Nc6 Bd6 30. axb6 g5 31. b7 gxh4 32. bxa8Q Rxa8 33. Nd4 Bd7 34. Ra5 Be5 35. b4 Rg8 36. Kf1 Bc8 37. Ne2 Ke7 38. Ra1 c6 39. Rc1 Bd7 40. Rcd1 Bc8 41. Nd4 Kf7 42. c4 Be6 43. Nxe6 Kxe6 44. Ra2 Ra8 45. Rb1 Kd7 46. b5 cxb5 47. cxb5 a5 48. b6 Bc3 49. Rd1+ Ke6 50. Rc2 Be5 51. Rc6+ Ke7 52. b7 Rb8 53. Rb1 Kd7 54. Rc4 f5 55. Rc5 Bc7 56. Rd1+ 1-0

[Event "FRA-chT2 0910"]
[Site "France"]
[Date "2009.10.17"]
[Round "2.4"]
[White "Grizou, Regis"]
[Black "Jeanjean, Dominique"]
[Result "1-0"]
[WhiteElo "2178"]
[BlackElo "2104"]
[PlyCount "123"]
[EventDate "2009.09.27"]
[EventType "team-tourn"]
[EventRounds "11"]
[EventCountry "FRA"]
[SourceTitle "EXT 2011"]
[Source "ChessBase"]
[SourceDate "2010.11.26"]
[SourceVersion "1"]
[SourceVersionDate "2010.11.26"]
[SourceQuality "1"]

1. d4 Nf6 2. Nf3 d5 3. c4 e6 4. Bg5 Be7 5. e3 h6 6. Bh4 0-0 7. Nc3 b6 8. Qc2 Bb7 9. Bxf6 Bxf6 10. cxd5 exd5 11. g4 c5 12. 0-0-0 Nd7 13. h4 cxd4 14. exd4 Re8 15. Bb5 g6 16. g5 hxg5 17. h5 Kg7 18. Rdg1 Re4 19. hxg6 fxg6 20. Bxd7 Qxd7 21. Nxg5 Bxg5+ 22. Rxg5 Re6 23. f4 Qe7 24. Qf2 Re8 25. Qh4 Re1+ 26. Rxe1 Qxe1+ 27. Qxe1 Rxe1+ 28. Kd2 Rf1 29. Ke3 Kf6 30. Nxd5+ Bxd5 31. Rxd5 Re1+ 32. Kd3 Rf1 33. Rd7 Rxf4 34. Rxa7 Rf2 35. b3 g5 36. Ra6 Kf5 37. Ke3 Rc2 38. Rxb6 Rxa2 39. Rb5+ Kf6 40. Rc5 Rb2 41. Rc3 Ke6 42. Ke4 Kd6 43. Kd3 Rf2 44. Kc4 Rf8 45. Rg3 Rc8+ 46. Kd3 Rb8 47. Rxg5 Rxb3+ 48. Kc4 Rh3 49. Rg6+ Kc7 50. Kc5 Rh5+ 51. d5 Rh7 52. Ra6 Rh5 53. Ra7+ Kb8 54. Rg7 Rf5 55. Kc6 Rf1 56. Rg8+ Ka7 57. d6 Rf6 58. Kc7 Rf1 59. d7 Rc1+ 60. Kd6 Rd1+ 61. Kc6 Rc1+ 62. Kb5 1-0

[Event "FRA-ch op-A"]
[Site "Pau"]
[Date "2008.08.16"]
[Round "5"]
[White "Jeanjean, Dominique"]
[Black "Brongers, Henk"]
[Result "0-1"]
[WhiteElo "2140"]
[BlackElo "2070"]
[PlyCount "154"]
[EventDate "2008.08.11"]
[EventType "swiss"]
[EventRounds "9"]
[EventCountry "FRA"]
[SourceTitle "CBM 126 Extra"]
[Source "ChessBase"]
[SourceDate "2008.11.05"]
[SourceVersion "1"]
[SourceVersionDate "2008.11.05"]
[SourceQuality "1"]

1. e4 c6 2. d4 d5 3. exd5 cxd5 4. c4 Nf6 5. Nc3 Nc6 6. Nf3 Bg4 7. cxd5 Nxd5 8. Qb3 Bxf3 9. gxf3 e6 10. Qxb7 Nxd4 11. Bb5+ Nxb5 12. Qc6+ Ke7 13. Qxb5 Qd7 14. Qe2 f6 15. Bd2 Kf7 16. Rd1 Bd6 17. Qd3 Bc7 18. Kf1 Rad8 19. Be3 Nxe3+ 20. Qxe3 Qc6 21. Rxd8 Rxd8 22. Kg2 Bb6 23. Qe2 Qc5 24. Re1 Qg5+ 25. Kh1 Qf5 26. Ne4 Qd5 27. b4 h6 28. a4 Qe5 29. Kg2 Rd4 30. Rb1 Bc7 31. Ng3 Qd6 32. Qb5 Rd2 33. Qh5+ Kf8 34. Ne4 Rd5 35. Qh3 Qe5 36. Rc1 f5 37. Nc5 Bb6 38. f4 Qe2 39. Qe3 Qxe3 40. fxe3 Ke7 41. Kf3 Bxc5 42. bxc5 Kd7 43. Rg1 Kc6 44. Rxg7 a5 45. Re7 Kxc5 46. Rxe6 Kb4 47. Re5 Rd2 48. h4 Rh2 49. Kg3 Re2 50. h5 Kxa4 51. Kf3 Rh2 52. Rxf5 Kb4 53. Rd5 Rh3+ 54. Kf2 a4 55. e4 a3 56. Kg2 Re3 57. e5 a2 58. Rd1 Ra3 59. Ra1 Kc5 60. Kf2 Kd5 61. Ke2 Ke6 62. Kd2 Rh3 63. Kc2 Rxh5 64. Kb3 Rh2 65. Kc3 h5 66. Kd4 h4 67. Ke4 h3 68. f5+ Kf7 69. Rc1 Rc2 70. Rxc2 a1Q 71. Rc7+ Ke8 72. f6 h2 73. Rc8+ Kd7 74. Rh8 h1Q+ 75. Rxh1 Qxh1+ 76. Kf5 Qh5+ 77. Kf4 Ke6 0-1

[Event "Salon de Provence op 3rd"]
[Site "Salon de Provence"]
[Date "2008.04.15"]
[Round "2"]
[White "Gomez, Jose4444"]
[Black "Jeanjean, Dominique"]
[Result "1-0"]
[WhiteElo "1933"]
[BlackElo "2143"]
[PlyCount "105"]
[EventDate "2008.04.14"]
[EventType "swiss"]
[EventRounds "7"]
[EventCountry "FRA"]
[SourceTitle "CBM 123 Extra"]
[Source "ChessBase"]
[SourceDate "2008.05.06"]
[SourceVersion "1"]
[SourceVersionDate "2008.05.06"]
[SourceQuality "1"]

1. e4 e5 2. Nc3 Nf6 3. Nf3 Nc6 4. Bb5 Nd4 5. Nxd4 exd4 6. e5 dxc3 7. exf6 cxd2+ 8. Bxd2 Qxf6 9. 0-0 Be7 10. Bc3 Qg5 11. Re1 Qxb5 12. Qg4 d6 13. Qxg7 Be6 14. Qxh8+ Bf8 15. Bf6 Qf5 16. Bg7 Ke7 17. Re3 Re8 18. Rf3 Qg6 19. Bf6+ Kd7 20. Rg3 Qe4 21. Bc3 Bh6 22. Qf6 Bf8 23. Qf3 Qxf3 24. Rxf3 b6 25. b3 a5 26. Rg3 Bh6 27. Bf6 Bf5 28. c4 Re2 29. a4 Bg6 30. Kf1 Re6 31. Bd4 Re4 32. Be3 Bg7 33. Re1 Bc3 34. Rc1 Bb2 35. Re1 Bc3 36. Rc1 Bb2 37. Rd1 Re6 38. Bd4 Bxd4 39. Rxd4 Kc6 40. Rd5 Re4 41. Rc3 Re6 42. f3 Re8 43. g4 Bb1 44. Kf2 Re6 45. h4 f6 46. Rh5 Bg6 47. Rb5 Kb7 48. Rd5 Kc6 49. h5 Bb1 50. Rd1 Ba2 51. Ra1 Bxb3 52. Rxb3 Kc5 53. Rc1 1-0

[Event "FRA-chT3 Gr01 0607"]
[Site "France"]
[Date "2006.12.10"]
[Round "4.2"]
[White "Thetis, Jimmy"]
[Black "Jeanjean, Dominique"]
[Result "1-0"]
[WhiteElo "2102"]
[BlackElo "2175"]
[PlyCount "135"]
[EventDate "2006.10.15"]
[EventType "team"]
[EventRounds "9"]
[EventCountry "FRA"]
[SourceTitle "EXT 2008"]
[Source "ChessBase"]
[SourceDate "2007.11.25"]
[SourceVersion "1"]
[SourceVersionDate "2007.11.25"]
[SourceQuality "1"]

1. d4 d5 2. c4 e6 3. Nc3 Be7 4. Bf4 Nf6 5. e3 0-0 6. Qc2 c5 7. Nf3 cxd4 8. exd4 Nc6 9. Rd1 a6 10. a3 Re8 11. Be2 Nh5 12. Be3 Nf6 13. Bf4 dxc4 14. Bxc4 Bd7 15. 0-0 Rc8 16. Ba2 g6 17. Qd2 Qa5 18. Rfe1 Rcd8 19. Qc1 b5 20. Ng5 b4 21. d5 bxc3 22. dxc6 Bxc6 23. Rxd8 Bxd8 24. b4 Qf5 25. Re5 Qd3 26. Bb1 Qc4 27. Rc5 Qb3 28. Rxc6 Nd5 29. Be3 Nxe3 30. Ne4 Nd5 31. Bc2 Qa2 32. Nd6 Rf8 33. Rxa6 Qb2 34. Qd1 Be7 35. Nc4 Qa2 36. Rc6 Ra8 37. Bb3 c2 38. Bxc2 Bf6 39. Bb3 Qa1 40. Qxa1 Bxa1 41. g3 Bd4 42. Kg2 Kf8 43. b5 Ke7 44. a4 Rb8 45. Na5 Bb6 46. Nc4 Bd4 47. f4 h5 48. Kf3 f6 49. Na5 Bb6 50. Bxd5 exd5 51. Nb3 Bg1 52. Rc1 Bb6 53. a5 Bxa5 54. Nxa5 Rxb5 55. Nc6+ Kd7 56. Nd4 Ra5 57. Rc3 Ra4 58. Ke3 Ra2 59. Nc2 Kd6 60. Kd3 g5 61. Ra3 Rb2 62. Ra6+ Ke7 63. f5 Rb3+ 64. Kd4 h4 65. Ne3 Rb4+ 66. Kxd5 hxg3 67. hxg3 Rb5+ 68. Kc4 1-0

[Event "FRA-chT3 Gr01 0607"]
[Site "France"]
[Date "2006.10.15"]
[Round "1.2"]
[White "Deleau, Denis"]
[Black "Jeanjean, Dominique"]
[Result "1/2-1/2"]
[WhiteElo "2114"]
[BlackElo "2175"]
[PlyCount "92"]
[EventDate "2006.10.15"]
[EventType "team"]
[EventRounds "9"]
[EventCountry "FRA"]
[SourceTitle "EXT 2008"]
[Source "ChessBase"]
[SourceDate "2007.11.25"]
[SourceVersion "1"]
[SourceVersionDate "2007.11.25"]
[SourceQuality "1"]

1. e4 e5 2. Bc4 Nf6 3. Nc3 Bc5 4. d3 d6 5. f4 Bxg1 6. Rxg1 c6 7. Bb3 Nbd7 8. Qf3 Nc5 9. fxe5 dxe5 10. Qg3 Qe7 11. Qxg7 Rg8 12. Qh6 Rg6 13. Qh4 a5 14. Be3 a4 15. Bxc5 Qxc5 16. Rf1 Qe3+ 17. Ne2 Bg4 18. Bxf7+ Kxf7 19. Rxf6+ Rxf6 20. Qxg4 Rf8 21. Qg3 Qh6 22. Rd1 Ke6 23. Qh3+ Qxh3 24. gxh3 Rf1+ 25. Kd2 R1f2 26. Rh1 Rg2 27. Ke3 Rff2 28. Re1 Rxh2 29. d4 Rfg2 30. Kf3 Rf2+ 31. Ke3 Rxe2+ 32. Rxe2 exd4+ 33. Kf3 Rxe2 34. Kxe2 Ke5 35. Kd3 c5 36. c3 dxc3 37. bxc3 b5 38. a3 h5 39. h4 Kf4 40. c4 b4 41. axb4 cxb4 42. c5 a3 43. Kc2 Ke5 44. Kb3 Ke6 45. Ka2 Ke5 46. Kb3 Ke6 1/2-1/2

[Event "FRA-chT3"]
[Site "France"]
[Date "2001.??.??"]
[Round "8"]
[White "Jeanjean, Dominique"]
[Black "Dufour, Jacques"]
[Result "1/2-1/2"]
[WhiteElo "2129"]
[BlackElo "1860"]
[PlyCount "79"]
[EventDate "2001.??.??"]
[EventType "team"]
[EventRounds "9"]
[EventCountry "FRA"]
[SourceTitle "EXT 2003"]
[Source "ChessBase"]
[SourceDate "2002.11.25"]
[SourceVersion "1"]
[SourceVersionDate "2002.11.25"]
[SourceQuality "1"]

1. e4 c5 2. Nf3 d6 3. d4 cxd4 4. Nxd4 Nf6 5. Nc3 g6 6. Be3 Bg7 7. g3 0-0 8. Qd2 Nc6 9. Bc4 Bd7 10. h4 Rc8 11. Bb3 Ne5 12. 0-0-0 Nc4 13. Bxc4 Rxc4 14. h5 Nxh5 15. g4 Nf6 16. Bh6 Bxh6 17. Qxh6 Rxc3 18. bxc3 Qa5 19. Rd3 Qxa2 20. g5 Nh5 21. Rxh5 gxh5 22. Nf5 Bxf5 23. exf5 Qa1+ 24. Kd2 Qg1 25. c4 f6 26. gxf6 Rxf6 27. Qxh5 Qg7 28. f4 Qf7 29. Qg4+ Kf8 30. Qf3 e5 31. fxe6 Rxe6 32. f5 Rf6 33. Rd5 h5 34. c5 dxc5 35. Qd3 Qc7 36. Qe3 Rd6 37. Rxd6 Qxd6+ 38. Kc1 b6 39. Qg5 a5 40. f6 1/2-1/2

[Event "FRA-chT3"]
[Site "France"]
[Date "2001.??.??"]
[Round "9"]
[White "Lanzani, Mario"]
[Black "Jeanjean, Dominique"]
[Result "1/2-1/2"]
[WhiteElo "2415"]
[BlackElo "2125"]
[PlyCount "42"]
[EventDate "2001.??.??"]
[EventType "team"]
[EventRounds "9"]
[EventCountry "FRA"]
[SourceTitle "EXT 2003"]
[Source "ChessBase"]
[SourceDate "2002.11.25"]
[SourceVersion "1"]
[SourceVersionDate "2002.11.25"]
[SourceQuality "1"]

1. c4 e6 2. Nc3 d5 3. d4 Be7 4. Qc2 Nc6 5. e3 Nf6 6. Nf3 0-0 7. a3 b6 8. cxd5 Nxd5 9. Bd3 f5 10. Nxd5 Qxd5 11. Bc4 Qd6 12. Bd2 a5 13. Rc1 Nd8 14. Ba2 c5 15. dxc5 bxc5 16. Bc3 Ba6 17. Rd1 Qb6 18. Ne5 Kh8 19. Bc4 Bxc4 20. Nxc4 Qc7 21. Ne5 Bd6 1/2-1/2

[Event "Paris-ch op"]
[Site "Paris"]
[Date "2000.07.17"]
[Round "3"]
[White "Jeanjean, Dominique"]
[Black "Szabolcsi, Janos"]
[Result "0-1"]
[WhiteElo "2061"]
[BlackElo "2411"]
[PlyCount "64"]
[EventDate "2000.07.15"]
[EventType "swiss"]
[EventRounds "9"]
[EventCountry "FRA"]
[SourceTitle "EXT 2001"]
[Source "ChessBase"]
[SourceDate "2000.11.22"]
[SourceVersion "1"]
[SourceVersionDate "2000.11.22"]
[SourceQuality "1"]

1. e4 c5 2. Nf3 e6 3. d4 cxd4 4. Nxd4 Nc6 5. Nc3 Qc7 6. Be2 a6 7. Be3 Nf6 8. 0-0 Bb4 9. Na4 0-0 10. Nxc6 bxc6 11. Nb6 Rb8 12. Nxc8 Rfxc8 13. Bxa6 Rd8 14. Bd3 Bd6 15. Kh1 Be5 16. c3 Rxb2 17. Rc1 d5 18. f4 dxe4 19. fxe5 Rxd3 20. Qa4 Rxe3 21. exf6 gxf6 22. Qd4 Rh3 23. Qg1 Rh6 24. Rfe1 f5 25. a4 Rg6 26. Rb1 Rbxg2 27. Qxg2 Rxg2 28. Kxg2 Qe5 29. Ra1 f4 30. a5 f3+ 31. Kf2 Qc5+ 32. Kg3 f2 0-1

[Event "Provence-ch 9798"]
[Site "France"]
[Date "1998.??.??"]
[Round "5"]
[White "Jeanjean, Dominique"]
[Black "Girard, Jean Pierre"]
[Result "0-1"]
[WhiteElo "2145"]
[BlackElo "2050"]
[PlyCount "108"]
[EventDate "1997.??.??"]
[EventType "tourn"]
[EventRounds "9"]
[EventCountry "FRA"]
[SourceTitle "EXT 2005"]
[Source "ChessBase"]
[SourceDate "2004.11.15"]
[SourceVersion "1"]
[SourceVersionDate "2004.11.15"]
[SourceQuality "1"]

1. e4 c5 2. Nf3 e6 3. Nc3 d6 4. d4 cxd4 5. Nxd4 a6 6. g3 Nf6 7. Bg2 Nbd7 8. 0-0 Be7 9. f4 Qc7 10. Be3 Nb6 11. Kh1 h5 12. h3 Nc4 13. Bc1 Bd7 14. b3 Ne3 15. Bxe3 Qxc3 16. Rf3 Qc7 17. Qd3 d5 18. e5 Ne4 19. c4 Rc8 20. Kh2 Nc5 21. Qe2 dxc4 22. bxc4 h4 23. Bf2 hxg3+ 24. Rxg3 g6 25. Rg4 Rd8 26. Qc2 g5 27. Qe2 gxf4 28. Rxf4 f5 29. Bg3 Ba4 30. Nxf5 exf5 31. Rxf5 Rd3 32. Qg4 Ne6 33. Qg6+ Kd7 34. Bd5 Rd2+ 35. Kg1 Qb6+ 36. Bf2 Rxf2 37. Rxf2 Bc5 38. Rb1 Bxf2+ 39. Kf1 Qxb1+ 40. Qxb1 Bd4 41. Qf5 Rf8 42. Bxe6+ Ke7 43. Qxf8+ Kxf8 44. Bd5 b6 45. e6 Bc2 46. Ke2 Ke7 47. Kf3 Bf5 48. h4 Bxe6 49. Ke4 Bf6 50. h5 Bxd5+ 51. Kxd5 Kd7 52. a4 Bg7 53. c5 Kc7 54. a5 b5 0-1

[Event "FRA-chT2S 9798"]
[Site "France"]
[Date "1998.??.??"]
[Round "10"]
[White "Jeanjean, Dominique"]
[Black "Hodot, Yves"]
[Result "0-1"]
[WhiteElo "2145"]
[BlackElo "2125"]
[PlyCount "70"]
[EventDate "1997.??.??"]
[EventType "team"]
[EventRounds "9"]
[EventCountry "FRA"]
[SourceTitle "EXT 2003"]
[Source "ChessBase"]
[SourceDate "2002.11.25"]
[SourceVersion "1"]
[SourceVersionDate "2002.11.25"]
[SourceQuality "1"]

1. e4 e6 2. d4 d5 3. Nd2 Nf6 4. e5 Nfd7 5. f4 c5 6. c3 cxd4 7. cxd4 Nc6 8. Ndf3 Bb4+ 9. Bd2 Qb6 10. Bxb4 Qxb4+ 11. Qd2 0-0 12. Qxb4 Nxb4 13. Kd2 f6 14. a3 Nc6 15. b4 g5 16. fxg5 fxe5 17. dxe5 Ndxe5 18. b5 Nxf3+ 19. Nxf3 Na5 20. Re1 Nb3+ 21. Kc2 Nc5 22. Re3 Bd7 23. Be2 Rac8 24. Kb2 a6 25. bxa6 bxa6 26. Rc1 Rc7 27. Ka2 Rfc8 28. h4 Be8 29. Nd4 Bf7 30. Bf3 Ne4 31. Rxc7 Rxc7 32. Kb2 Rc4 33. Nb3 Nd6 34. g3 Rc7 35. Nd4 Nc4+ 0-1

[Event "FRA-chT2S 9798"]
[Site "France"]
[Date "1998.??.??"]
[Round "7"]
[White "Jeanjean, Dominique"]
[Black "Yhuel, Ludovic"]
[Result "1-0"]
[WhiteElo "2145"]
[BlackElo "1800"]
[PlyCount "71"]
[EventDate "1997.??.??"]
[EventType "team"]
[EventRounds "9"]
[EventCountry "FRA"]
[SourceTitle "EXT 2003"]
[Source "ChessBase"]
[SourceDate "2002.11.25"]
[SourceVersion "1"]
[SourceVersionDate "2002.11.25"]
[SourceQuality "1"]

1. e4 e5 2. Nf3 Nc6 3. Bb5 a6 4. Ba4 Nf6 5. 0-0 Be7 6. Re1 b5 7. Bb3 d6 8. c3 0-0 9. h3 Na5 10. Bc2 c5 11. d4 Qc7 12. Nbd2 cxd4 13. cxd4 Bb7 14. d5 Rfc8 15. Bd3 Nd7 16. Nf1 Nc4 17. Ng3 g6 18. h4 Nc5 19. h5 Nxd3 20. Qxd3 Nb6 21. Bg5 Bxg5 22. Nxg5 Qe7 23. Nf3 Rc5 24. Ne2 Rac8 25. b3 R8c7 26. Qe3 Bc8 27. b4 Rc2 28. Qxb6 Bg4 29. Ng3 Bxf3 30. gxf3 f5 31. exf5 gxf5 32. f4 Qg7 33. Qxd6 e4 34. Qd8+ Kf7 35. d6 R7c3 36. Qe7+ 1-0

[Event "Provence-ch 9798"]
[Site "France"]
[Date "1997.??.??"]
[Round "2"]
[White "Barnier, Alain"]
[Black "Jeanjean, Dominique"]
[Result "1-0"]
[WhiteElo "2090"]
[BlackElo "2145"]
[PlyCount "147"]
[EventDate "1997.??.??"]
[EventType "tourn"]
[EventRounds "9"]
[EventCountry "FRA"]
[SourceTitle "EXT 2005"]
[Source "ChessBase"]
[SourceDate "2004.11.15"]
[SourceVersion "1"]
[SourceVersionDate "2004.11.15"]
[SourceQuality "1"]

1. c4 c5 2. Nc3 Nc6 3. Nf3 Nf6 4. g3 g6 5. Bg2 Bg7 6. 0-0 0-0 7. d4 cxd4 8. Nxd4 a6 9. h3 Qc7 10. Be3 Na5 11. b3 Nc6 12. Rc1 Re8 13. Nd5 Qd6 14. c5 Qb8 15. Nb6 Ra7 16. Qd2 Nh5 17. Nf3 Nf6 18. Rfd1 a5 19. Rc4 Ra6 20. Ng5 Qc7 21. a3 Ne5 22. Ra4 Nc6 23. Nc4 h6 24. Ne4 Nxe4 25. Bxe4 Kh7 26. Nb6 d6 27. cxd6 exd6 28. Nd5 Qd8 29. Bd3 Ra8 30. Rh4 Rxe3 31. Qxe3 Be6 32. Nb6 Rb8 33. Nc4 d5 34. Nd2 Qf6 35. Nf3 Kg8 36. Qb6 Ne5 37. Nxe5 Qxe5 38. Qxa5 Qb2 39. Qc7 Be5 40. Qc2 Qxa3 41. Rxh6 Bg7 42. Rh4 Rc8 43. Qd2 Rc3 44. Bc2 Qc5 45. b4 Qc7 46. Bd3 Bf6 47. Rh6 Bg7 48. Ra1 Qc8 49. Ra5 b6 50. Ra7 Qb8 51. Re7 Qf8 52. Rxe6 Bxh6 53. Rxg6+ fxg6 54. Qxc3 Bg7 55. Qb3 Kh7 56. Qxd5 Qxb4 57. Qh5+ Kg8 58. Qxg6 Qd4 59. h4 Kf8 60. h5 Qa1+ 61. Kg2 Qa8+ 62. Be4 Qd8 63. h6 Bf6 64. h7 Qd4 65. e3 Qb2 66. g4 Qe5 67. Qg8+ Ke7 68. Qd5 Qb2 69. g5 Be5 70. Bf5 b5 71. Qe6+ Kf8 72. g6 Kg7 73. Qf7+ Kh6 74. g7 1-0

[Event "FRA-ch op-A"]
[Site "Narbonne"]
[Date "1997.??.??"]
[Round "7"]
[White "Jeanjean, Dominique"]
[Black "Konieczny, Sebastien"]
[Result "1-0"]
[WhiteElo "2145"]
[BlackElo "2040"]
[PlyCount "55"]
[EventDate "1997.08.??"]
[EventType "swiss"]
[EventRounds "11"]
[EventCountry "FRA"]
[SourceTitle "EXT 2021"]
[Source "ChessBase"]
[SourceDate "2020.10.23"]
[SourceVersion "1"]
[SourceVersionDate "2020.10.23"]
[SourceQuality "1"]

1. e4 e6 2. d4 d5 3. Nd2 dxe4 4. Nxe4 Be7 5. Nf3 Nf6 6. Bd3 Nxe4 7. Bxe4 Nd7 8. 0-0 0-0 9. Ne5 c5 10. c3 Nf6 11. Bc2 cxd4 12. cxd4 Qd5 13. Qd3 Rd8 14. Rd1 a6 15. Bg5 b5 16. Bxf6 Bxf6 17. Qxh7+ Kf8 18. Bb3 Qd6 19. Qh5 Ra7 20. Rac1 Rc7 21. Nxf7 Rxf7 22. Rxc8 Rxc8 23. Qh8+ Ke7 24. Qxc8 Bxd4 25. Rxd4 Qxd4 26. Qxe6+ Kd8 27. Qxf7 Qxb2 28. h4 1-0